| 000 | 00386nam a2200145 a 4500 | ||
|---|---|---|---|
| 001 | 3863 | ||
| 003 | CDMR | ||
| 005 | 20130116135249.0 | ||
| 008 | 130130s2005||||||||||||||||||||||||||||d | ||
| 040 |
_aCDMR _bcat _cCPC GIRONA |
||
| 245 | 0 |
_aAktivnosti 2004 _bSrebrenica Izmedu istine i pravde sjecanja i nade |
|
| 260 |
_c2005 _bAssociation of Citizens |
||
| 490 | 0 |
_aBòsnia _92500 |
|
| 942 | _cMON | ||
| 999 |
_c3863 _d3863 |
||